000 00597nam a22001937a 4500
005 20260318153810.0
008 260318b xxu||||| |||| 00| 0 eng d
020 _a978 1 041 11491 8
_cRs.1595.00
040 _aRBU-Library
041 _aEnglish
082 _a320.531
_bT128(C) T.L
100 _aChakrabarty, Bidyut
_91470
245 _aSocio-Political thought of Rabindranath Tagore:
_ba universalist voice in the natinalist context
260 _aLondon:
_bRoutledge,
_c2025
300 _a276p.
650 _aSociology
_91476
650 _aTagore, Rabindranath, 1861-1941
_91472
942 _cBK
999 _c123457
_d123457